000 00475nam a22001697a 4500
005 20260401163840.0
020 _a978-0-19-945681-9
041 _aeng
082 _223rd.
_a547.139
_bSEN
100 _aSen Gupta, Subrata
245 _aReaction mechanisms in organic chemistry
_cSubrata Sen Gupta
260 _aNew Delhi
_bOxford University Press
_c2016
300 _axxi,880p.;
_c25cm.
650 _aOrganic reaction mechanisms
856 _uwww.india.oup.com
942 _cBK
999 _c184583
_d184582